02706nam a22002897a 450000500170000001000150001702000270003203500130005903700130007208200080008524501330009326000530022627000590027930000350033850000540037350516670042765000260209465000270212065000210214765000220216865000270219070000170221770000190223494200220225399900170227595201240229220150915120121.0 aENG-113912 a9788121512398c1795.00 aEN-97444 bDBAD/PUB a270 aIslam in the world today :cedited by Werner Ende [and] Udo Steinbach ba handbook of politics, religion, culture, and society / aNew DelhibMunshiram Manoharlal Publishersc2012 aPO Box 5715, 54 Rani Jhansi Road, bNew Delhie110055 axviii,1114p. :c24cm(Hb)bill. a Includes bibliographical references and indexes. aWorld of Islam: a brief historical survey / Heribert Busse -- Sunni Islam / Bernd Radtke -- Shi’i Islam / Werner Ende -- Revivalist movements in Islam from the eighteenth to the twentieth century and the role of Islam in modern history: anticolonialism and nationalism / Rudolph Peters -- Distribution of Muslims throughout the world: figures and information on the present situation / Peter Heine and Riem Spielhaus -- Intra-Islamic discussion on a modern economic and social system / Johannes Reissner -- Islamic economics in practice: interest-free financial management / Volker Nienhaus -- Developments in law / Hans-Georg Ebert -- Status of Islam and Islamic law in selected countries -- Islamic Diaspora: Europe and America -- Discussion within Islam on secularism, democracy, and human rights / Alexander Flores -- Situation of women in Islamic countries / Wiebke Walther -- Islamist groups and movements / Guid Steinberg and Jan-Peter Hartung -- Mystical brotherhoods and popular Islam / Frederick De Jong -- Sects and social groups / Werner Schmucker -- Islam and non-Islamic minorities / Johanna Pink -- International Islamic organizations / Johannes Reissner -- "Orientalistics" and Orientalism / Reinhard Schulze -- Islam and cultural self-assertion / Rotraud Wielandt -- Islam and local traditions / Olaf Schumanm and Lode Frank Brakel -- Is there an Islamic linguistic sphere? / Otto Jastrow -- Islam reflected in the contemporary literature of Muslim peoples / Johann Cristoph Bürgell -- Contemporary painting and graphic art in the Islamic world / Peter Heine -- Contemporary "Islamic" architecture and representational art / Mohamed Scharabi a Islamy20th century. a Islam y21st century. a IslamxHistory. a Islam and state. a Islamic civilization. aEnde, Werner aSteinbach, Udo 2ddccENmISLh270 c96490d96490 001040718NFICaDBADbDBADd2015-08-26eDBAD/Pub.g1795.00l0o270 ISLpEN-97444r2015-08-26 00:00:00t1v1795.00yEN